000 00526nam a2200169 i 4500
001 64385
003 ES-MaACL
005 20230906165122.0
007 t|
008 031224s1967 sp ||||1| spa d
100 1 _aFohlen, Claude.
_951419
245 1 3 _aLa América anglosajona, de 1815 hasta nuestros días /
_cClaude Fohlen ; [traducción por Enrique Irazoqui].
260 _aBarcelona :
_bLabor,
_c1967.
300 _aXII, 314 p. ;
_c20 cm.
700 1 _aIrazoqui, Enrique.
_965429
852 _aES-MaACL
_jC-33353
_bR.63954
999 _c64385
_d64385